|
|
|
|
| LEADER |
01147ncm a22003012a 4500 |
| 001 |
001102012 |
| 003 |
CZ BrMZK |
| 005 |
20110504143711.0 |
| 007 |
qu |
| 008 |
100616s1977 xr |||||||||||||||||cze d |
| 040 |
|
|
|a BOA001
|b cze
|
| 072 |
|
7 |
|a 784
|x Vokální hudba
|2 Konspekt
|9 9
|
| 100 |
1 |
|
|a Ullrich, Josef,
|d 1911-1976
|7 ola2008474801
|4 cmp
|
| 245 |
1 |
0 |
|a Na břehu rybníka
|h [hudebnina] :
|c valčík / Josef Ullrich ; slova S. Radešínský. Zamávej si na skřivánka : polka / V. Fuka ; slova L. Jacura ; upravil Josef Mellan
|
| 250 |
|
|
|a 1. vyd.
|
| 260 |
|
|
|a Praha :
|b Supraphon,
|c 1977
|
| 300 |
|
|
|a 5 hlasů
|
| 490 |
1 |
|
|a Malý zábavní soubor ;
|v 114
|
| 700 |
1 |
|
|a Radešínský, Svatopluk,
|d 1927-2002
|7 jk01101886
|4 lyr
|
| 700 |
1 |
|
|a Fuka, Vladimír,
|d 1920-1996
|7 xx0007262
|4 cmp
|
| 700 |
1 |
|
|a Jacura, Ladislav,
|d 1913-2004
|7 jk01050594
|4 lyr
|
| 700 |
1 |
|
|a Mellan, Josef
|7 ola2008474782
|4 arr
|
| 740 |
0 |
2 |
|a Zamávej si na skřivánka
|
| 830 |
|
0 |
|a Malý zábavní soubor
|
| 910 |
|
|
|a BOA001
|b Mus3-0786.029
|
| 990 |
|
|
|a MU
|
| 991 |
|
|
|b 201006
|
| 996 |
6 |
|
|b 2619457768
|c Mus3-0786.029
|l MZK
|r Sklad / do 1 hodiny
|n 0
|w 001128706
|u 000010
|a 1
|e BOA001
|j MZK50
|s P
|